The Cover Wife/ (Record no. 1382)

MARC details
000 -LEADER
fixed length control field 00439nam a22001697a 4500
003 - CONTROL NUMBER IDENTIFIER
control field OSt
005 - DATE AND TIME OF LATEST TRANSACTION
control field 20240709064949.0
008 - FIXED-LENGTH DATA ELEMENTS--GENERAL INFORMATION
fixed length control field 240709b |||||||| |||| 00| 0 eng d
020 ## - INTERNATIONAL STANDARD BOOK NUMBER
International Standard Book Number 9781788547925
040 ## - CATALOGING SOURCE
Original cataloging agency KMU
Language of cataloging eng
Transcribing agency KMU
Modifying agency KMU
Description conventions rda
050 ## - LIBRARY OF CONGRESS CALL NUMBER
Classification number PS3606.E76 C68
100 ## - MAIN ENTRY--PERSONAL NAME
Personal name Fesperman, Dan
245 ## - TITLE STATEMENT
Title The Cover Wife/
Statement of responsibility, etc. Dan Fesperman.
260 ## - PUBLICATION, DISTRIBUTION, ETC.
Place of publication, distribution, etc. London:
Name of publisher, distributor, etc. Head of Zeus,
Date of publication, distribution, etc. 2021.
300 ## - PHYSICAL DESCRIPTION
Extent vi, 325p.:
Dimensions 20 cm.
942 ## - ADDED ENTRY ELEMENTS (KOHA)
Source of classification or shelving scheme Library of Congress Classification
Koha item type Fiction
Suppress in OPAC No
Holdings
Withdrawn status Lost status Source of classification or shelving scheme Damaged status Not for loan Collection Home library Current library Shelving location Date acquired Source of acquisition Total Checkouts Full call number Barcode Date last seen Date last checked out Price effective from Koha item type Total Renewals
    Library of Congress Classification     Fiction Kapasa Makasa University Kapasa Makasa University Open Access 09.07.2024 Book Aid International 3 PS3606.E76 C68 Fes 300830 27.08.2024 20.08.2024 09.07.2024 Fiction  
    Library of Congress Classification     Fiction Kapasa Makasa University Kapasa Makasa University Open Access 09.07.2024 Book Aid International 3 PS3606.E76 C68 Fes 300857 09.09.2024 26.08.2024 09.07.2024 Fiction 1